00263nam a2200121Ia 4500008004100000100000900041245002800050260002100078300000800099650001000107942000700117999001700124190216s9999||||xx |||||||||||||| ||und|| aNull 0aHindi-Bharath Ke Gourab bAshoka Prakasan a202 aHindi cBK c16316d16316